Being Bengali at home and in the world /
| Main Author: | |
|---|---|
| Format: | Unknown |
| Published: |
Routledge,
|
| LEADER | 00237 a2200097 4500 | ||
|---|---|---|---|
| 020 | |a 9780415788052 | ||
| 100 | |a Mridula Nath Chakraborty. |9 60722 | ||
| 245 | |a Being Bengali at home and in the world / | ||
| 260 | |b Routledge, | ||
| 942 | |c BK | ||
| 999 | |c 47947 |d 47947 | ||